Chirurgie příštitných tělísek

Bibliographic Details
Main Authors: Hradec, E. (Author), Pacovský, V. (Author)
Format: Article
Language:Slovak
Czech
PhysicalDescription:Obr., tb.
Subjects:

MARC

LEADER 00000nab a2200000 a 4500
001 vtls008831835
003 SK-MaSNL
005 20260304144010.0
008 250505 1976 xo 000 0 slo
015 |a SNBRB1977 
035 |a (uuid)d191af2b-50ad-4188-bed9-5341082c2039 
035 |a urn:nbn:sk:snk-abxjo 
035 |a (urnnbn)urn:nbn:sk:snk:ar-a03jr4 
040 |a SNKBUCL  |b slo  |c SNKBUCL  |e AACR2 
041 0 |a cze  |b ger 
044 |a xo  |c SK 
080 |a 616.447-089  |2 2001 
100 1 |a Hradec, E.  |4 aut  |9 1139994 
245 1 0 |a Chirurgie příštitných tělísek  |c E. Hradec, V. Pacovský 
300 |b Obr., tb. 
504 |a Bibliogr. odkazy 
546 |a Res. nem. 
650 0 7 |a prištítne telieska  |2 snkbucl  |9 88495 
650 0 7 |a chirurgia  |2 snkbucl  |9 2178 
700 1 |a Pacovský, V.  |4 aut  |9 1134752 
773 0 |t Bratislavské lekárske listy  |g Zv. 66, č. 4 (1976), s. 408-415 
850 |a Slovenská národná knižnica 
852 |a Slovenská národná knižnica 
954 |a odborná, vedecká literatúra cudzojazyčná (svetová)  |2 lita 
958 |a article27 
958 |a OND 
958 |a EUIPO 
999 |c 2928792  |d 2930722